[Event "CRO-ch U15"]
[Site "Trogir"]
[Date "2023.06.23"]
[Round "5"]
[White "Borzan, Matej"]
[Black "Gasparovic, Roko"]
[Result "1-0"]
[WhiteElo "1763"]
[BlackElo "1566"]
[PlyCount "93"]
[EventDate "2023.06.21"]
[EventType "swiss"]
[EventRounds "9"]
[EventCountry "CRO"]
[SourceTitle "EXT 2024"]
[Source "ChessBase"]
[SourceDate "2023.10.10"]
[SourceVersion "1"]
[SourceVersionDate "2023.10.10"]
[SourceQuality "1"]

1. d4 Nf6 2. c4 e6 3. Nf3 d5 4. Bg5 Be7 5. Nc3 0-0 6. e3 Nbd7 7. cxd5 exd5 8. Bd3 c6 9. 0-0 Re8 10. Nd2 Nf8 11. a3 Ne6 12. Bh4 a5 13. Qc2 h6 14. h3 b6 15. Nf3 Nd7 16. Bg3 Ba6 17. Rfd1 Bxd3 18. Qxd3 b5 19. e4 Nb6 20. Ne5 Rc8 21. exd5 Nxd5 22. Qf3 Bf6 23. Nxc6 Rxc6 24. Nxd5 Nxd4 25. Nxf6+ Rxf6 26. Qd3 Ne6 27. Qxb5 Qa8 28. Rd5 Rd8 29. Rad1 Rxd5 30. Rxd5 Kh7 31. Qxa5 Qc6 32. Qd2 Ng5 33. Rd8 Ne4 34. Qd3 Rg6 35. Kh2 Nxf2 36. Qf3 Ne4 37. Rd4 Rxg3 38. Qxe4+ Qxe4 39. Rxe4 Rb3 40. Rb4 Rd3 41. a4 Kg6 42. a5 Kf5 43. a6 Rd8 44. a7 Ra8 45. Rb7 Ke6 46. b4 Kd6 47. b5 1-0

[Event "CRO-ch U13"]
[Site "Trogir"]
[Date "2021.06.20"]
[Round "3"]
[White "Borzan, Matej"]
[Black "Petrus, Adrian"]
[Result "1-0"]
[WhiteElo "1588"]
[BlackElo "1386"]
[PlyCount "73"]
[EventDate "2021.06.18"]
[EventType "swiss"]
[EventRounds "9"]
[EventCountry "CRO"]
[SourceTitle "EXT 2022"]
[Source "ChessBase"]
[SourceDate "2021.10.06"]
[SourceVersion "1"]
[SourceVersionDate "2021.10.06"]
[SourceQuality "1"]

1. d4 Nf6 2. c4 e6 3. Nf3 Bb4+ 4. Bd2 a5 5. a3 Bxd2+ 6. Nbxd2 0-0 7. g3 c5 8. e3 a4 9. Bg2 Nc6 10. 0-0 d6 11. Qc2 e5 12. d5 Ne7 13. Nh4 Ng4 14. h3 Nh6 15. e4 f5 16. Kh2 Bd7 17. exf5 Nhxf5 18. Nxf5 Nxf5 19. Be4 h6 20. Bxf5 Rxf5 21. Kg2 Qe7 22. b3 Raf8 23. b4 Rh5 24. h4 Rff5 25. Qd3 g5 26. hxg5 Rfxg5 27. Rh1 Qf7 28. Ne4 Rxh1 29. Rxh1 Rg6 30. bxc5 Bf5 31. cxd6 Bxe4+ 32. Qxe4 Rxd6 33. Qxe5 Rf6 34. Qe3 Kg7 35. Rh4 Qd7 36. Qd4 Qf5 37. Rf4 1-0

[Event "CRO-ch U13"]
[Site "Trogir"]
[Date "2021.06.19"]
[Round "1"]
[White "Borzan, Matej"]
[Black "Zugec, David"]
[Result "1-0"]
[WhiteElo "1588"]
[BlackElo "1010"]
[PlyCount "67"]
[EventDate "2021.06.18"]
[EventType "swiss"]
[EventRounds "9"]
[EventCountry "CRO"]
[SourceTitle "EXT 2022"]
[Source "ChessBase"]
[SourceDate "2021.10.06"]
[SourceVersion "1"]
[SourceVersionDate "2021.10.06"]
[SourceQuality "1"]

1. d4 d5 2. c4 Nf6 3. Nc3 Bf5 4. Bf4 e6 5. Qb3 b6 6. e3 c6 7. Rc1 Bd6 8. Bxd6 Qxd6 9. Nf3 Nbd7 10. Be2 0-0 11. 0-0 Rac8 12. Rfd1 h6 13. cxd5 cxd5 14. Ba6 Ra8 15. Nb5 Qe7 16. Rc7 e5 17. Nxe5 Ng4 18. Nxg4 Bxg4 19. Rdc1 Qg5 20. Nc3 Bh3 21. Qxd5 Qg4 22. Kh1 Nf6 23. Qc6 Rae8 24. gxh3 Qxh3 25. Qg2 Qf5 26. Ne2 Ne4 27. Kg1 Nd2 28. Ng3 Qe6 29. R7c2 Rd8 30. Rxd2 Rd6 31. Bc4 Qe8 32. Nf5 Rg6 33. Qxg6 Kh8 34. Qxg7# 1-0

[Event "EU-ch Online U12"]
[Site "Tornelo INT"]
[Date "2020.09.20"]
[Round "9"]
[White "Poupalos, Nikolaos"]
[Black "Borzan, Matej"]
[Result "1-0"]
[WhiteElo "1879"]
[BlackElo "1480"]
[PlyCount "27"]
[EventDate "2020.09.18"]
[EventType "swiss (rapid)"]
[EventRounds "9"]
[EventCountry "NET"]
[SourceTitle "EXT 2023"]
[Source "ChessBase"]
[SourceDate "2022.10.05"]
[SourceVersion "1"]
[SourceVersionDate "2022.10.05"]
[SourceQuality "1"]
[WhiteTeam "Greece"]
[BlackTeam "Croatia"]
[WhiteTeamCountry "GRE"]
[BlackTeamCountry "CRO"]

1. e4 c5 2. Nf3 Nc6 3. d4 cxd4 4. Nxd4 d6 5. Nc3 Nf6 6. Bg5 g6 7. Bxf6 exf6 8. Bb5 Qb6 9. Nd5 Qa5+ 10. b4 Qd8 11. Nxc6 bxc6 12. Bxc6+ Bd7 13. Bxa8 Qxa8 14. Nc7+ 1-0

[Event "EU-ch Online U12"]
[Site "Tornelo INT"]
[Date "2020.09.19"]
[Round "4"]
[White "Papaioannou, Dimitrios1111"]
[Black "Borzan, Matej"]
[Result "0-1"]
[WhiteElo "1047"]
[BlackElo "1480"]
[PlyCount "40"]
[EventDate "2020.09.18"]
[EventType "swiss (rapid)"]
[EventRounds "9"]
[EventCountry "NET"]
[SourceTitle "EXT 2023"]
[Source "ChessBase"]
[SourceDate "2022.10.05"]
[SourceVersion "1"]
[SourceVersionDate "2022.10.05"]
[SourceQuality "1"]
[WhiteTeam "Greece"]
[BlackTeam "Croatia"]
[WhiteTeamCountry "GRE"]
[BlackTeamCountry "CRO"]

1. e4 c5 2. Nf3 Nc6 3. d4 cxd4 4. Nxd4 g6 5. c4 Bg7 6. Be3 d6 7. Nc3 Nf6 8. f3 0-0 9. Be2 a6 10. 0-0 Qb6 11. Nf5 Qxb2 12. Na4 Qa3 13. Bc1 Qb4 14. Bd2 Qa3 15. Nxg7 Kxg7 16. Bc1 Qb4 17. Rb1 Qa5 18. Bd2 Qc7 19. Nb6 Rb8 20. Be3 Bd7 0-1

[Event "CRO-ch U13"]
[Site "Trogir"]
[Date "2020.08.28"]
[Round "7"]
[White "Martic, Ivan2222"]
[Black "Borzan, Matej"]
[Result "0-1"]
[WhiteElo "1245"]
[BlackElo "1681"]
[PlyCount "168"]
[EventDate "2020.08.24"]
[EventType "swiss"]
[EventRounds "9"]
[EventCountry "CRO"]
[SourceTitle "CBM 198 Extra"]
[Source "ChessBase"]
[SourceDate "2020.11.30"]
[SourceVersion "1"]
[SourceVersionDate "2020.11.30"]
[SourceQuality "1"]

1. d4 d5 2. Bf4 c5 3. e3 Nf6 4. c3 Nc6 5. Nf3 cxd4 6. exd4 Bf5 7. Nbd2 e6 8. Be2 h6 9. h3 Bd6 10. Bxd6 Qxd6 11. 0-0 0-0 12. Re1 Rac8 13. Rc1 Rfd8 14. Nf1 Na5 15. Ne5 Qb6 16. b4 Nc6 17. Nxc6 Rxc6 18. b5 Rc7 19. Ng3 Bh7 20. Qb3 Rdc8 21. Bf1 Ne8 22. Re3 Nd6 23. a4 Qa5 24. Kh2 Nc4 25. Bxc4 Rxc4 26. Ne2 Rxa4 27. Rg3 Ra2 28. Re3 Rc4 29. Nf4 Ra3 30. Qb2 Qa4 31. Qe2 Qxb5 32. Re1 Qd7 33. Nxe6 fxe6 34. Rxe6 Rc8 35. Re7 Qd6+ 36. Kg1 Rf8 37. Rxb7 Ra6 38. Qg4 Qf6 39. f3 Bf5 40. Qg3 Qg6 41. Qxg6 Bxg6 42. Ree7 Rf7 43. Rb8+ Kh7 44. Ree8 Bd3 45. h4 Kg6 46. Re5 Rd6 47. h5+ Kf6 48. f4 Re7 49. Rf8+ Rf7 50. Rfe8 Bf5 51. Ra8 Re6 52. Re8 Rxe8 53. Rxe8 Re7 54. Ra8 Bg4 55. Rd8 Rd7 56. Ra8 Bxh5 57. Rc8 Kf7 58. Kf2 Bg6 59. g4 Bd3 60. Kf3 a6 61. Ra8 Rc7 62. f5 Rxc3 63. Kf4 Rc7 64. g5 hxg5+ 65. Kxg5 Re7 66. Kf4 Re4+ 67. Kg5 Rxd4 68. Ra7+ Kg8 69. f6 gxf6+ 70. Kxf6 Rf4+ 71. Ke5 Re4+ 72. Kxd5 Rb4 73. Kc5 Rb1 74. Kd4 Bf1 75. Kc3 Kf8 76. Kc2 Rb6 77. Kc3 Bg2 78. Kc2 Bb7 79. Kc3 Ke7 80. Kc4 Kd7 81. Kc5 Kc7 82. Kc4 Kb8 83. Rxa6 Bxa6+ 84. Kc5 Rh6 0-1

[Event "CRO-ch U13"]
[Site "Trogir"]
[Date "2020.08.25"]
[Round "3"]
[White "Grgantov, Marin"]
[Black "Borzan, Matej"]
[Result "1/2-1/2"]
[WhiteElo "1911"]
[BlackElo "1681"]
[PlyCount "51"]
[EventDate "2020.08.24"]
[EventType "swiss"]
[EventRounds "9"]
[EventCountry "CRO"]
[SourceTitle "CBM 198 Extra"]
[Source "ChessBase"]
[SourceDate "2020.11.30"]
[SourceVersion "1"]
[SourceVersionDate "2020.11.30"]
[SourceQuality "1"]

1. e4 c5 2. Nc3 Nc6 3. f4 g6 4. Nf3 Bg7 5. Bb5 Nd4 6. 0-0 Nxb5 7. Nxb5 d5 8. exd5 a6 9. Nc3 Nf6 10. d4 Nxd5 11. dxc5 Nxc3 12. Qxd8+ Kxd8 13. bxc3 Be6 14. Nd4 Bc4 15. Rd1 Kc7 16. a4 Rad8 17. Ba3 Rhe8 18. Bb4 Rd5 19. Nb3 e6 20. Rab1 Bxb3 21. cxb3 Kc6 22. c4 Rd4 23. g3 Red8 24. Rxd4 Bxd4+ 25. Kf1 Bxc5 26. Bc3 1/2-1/2

[Event "CRO-ch U13"]
[Site "Trogir"]
[Date "2020.08.24"]
[Round "2"]
[White "Borzan, Matej"]
[Black "Tomljanovic, Ivano"]
[Result "1/2-1/2"]
[WhiteElo "1681"]
[BlackElo "1416"]
[PlyCount "101"]
[EventDate "2020.08.24"]
[EventType "swiss"]
[EventRounds "9"]
[EventCountry "CRO"]
[SourceTitle "CBM 198 Extra"]
[Source "ChessBase"]
[SourceDate "2020.11.30"]
[SourceVersion "1"]
[SourceVersionDate "2020.11.30"]
[SourceQuality "1"]

1. d4 d5 2. c4 e6 3. Nc3 Nf6 4. Bg5 Be7 5. Nf3 c6 6. e3 Nbd7 7. cxd5 exd5 8. Bd3 h6 9. Bh4 0-0 10. 0-0 Re8 11. Qc2 Ne4 12. Bxe7 Qxe7 13. Nd2 Nxd2 14. Qxd2 Nf6 15. Qc2 Bd7 16. Rac1 Ne4 17. a3 Nxc3 18. Qxc3 Qg5 19. Kh1 f5 20. Qd2 Re7 21. b4 b5 22. Be2 Qf6 23. g3 g5 24. Rc3 Rae8 25. Bh5 Rf8 26. Be2 Qg6 27. Qd1 Be8 28. f4 g4 29. Kg2 Qh5 30. Rh1 Qh3+ 31. Kf2 Rf6 32. a4 a6 33. axb5 axb5 34. Qa1 Qh5 35. h3 Qg6 36. hxg4 fxg4 37. Rh4 Bd7 38. Qd1 h5 39. Qh1 Rh7 40. Ra3 Bf5 41. Qa1 Rb7 42. Ra8+ Kg7 43. Rh1 Bd3 44. Qa2 Re6 45. Qd2 Bxe2 46. Qxe2 Rbe7 47. Ra3 Re4 48. Qd3 Kh6 49. Rc1 R7e6 50. Qd2 Qf6 51. Rh1 1/2-1/2

[Event "CRO-chT U20 29th"]
[Site "Cakovec"]
[Date "2020.07.16"]
[Round "5.1"]
[White "Borzan, Matej"]
[Black "Dabic, Stjepan"]
[Result "0-1"]
[WhiteElo "1746"]
[BlackElo "2120"]
[PlyCount "60"]
[EventDate "2020.07.14"]
[EventType "team-tourn"]
[EventRounds "11"]
[EventCountry "CRO"]
[SourceTitle "CBM 197 Extra"]
[Source "ChessBase"]
[SourceDate "2020.09.30"]
[SourceVersion "1"]
[SourceVersionDate "2020.09.30"]
[SourceQuality "1"]
[WhiteTeam "Osijek Ferit U20"]
[BlackTeam "Rijeka Liburnija U20"]
[WhiteTeamCountry "CRO"]
[BlackTeamCountry "CRO"]

1. d4 Nf6 2. Nf3 g6 3. c4 Bg7 4. Nc3 0-0 5. e4 d6 6. Be2 Nbd7 7. h3 e5 8. d5 Nc5 9. Qc2 a5 10. Bg5 h6 11. Be3 Nh5 12. g3 f5 13. Nh4 Nf4 14. Bxf4 exf4 15. Nxg6 fxg3 16. Nxf8 gxf2+ 17. Kf1 Qxf8 18. Rh2 fxe4 19. Rxf2 Bxh3+ 20. Ke1 Qe7 21. Kd1 Qh4 22. Rh2 Qg3 23. Rh1 Re8 24. Kd2 Bg2 25. Rhg1 Qf4+ 26. Kd1 Qf2 27. Re1 Nd3 28. Bxd3 Qxe1+ 29. Kxe1 exd3+ 30. Kd2 dxc2 0-1

[Event "Osijek Baranja CupT 13th"]
[Site "Valpovo"]
[Date "2020.02.23"]
[Round "4.3"]
[White "Borzan, Matej"]
[Black "Cmelak, Antonio"]
[Result "1-0"]
[WhiteElo "1671"]
[BlackElo "1661"]
[PlyCount "57"]
[EventDate "2020.02.21"]
[EventType "team-swiss"]
[EventRounds "5"]
[EventCountry "CRO"]
[SourceTitle "EXT 2023"]
[Source "ChessBase"]
[SourceDate "2022.10.05"]
[SourceVersion "1"]
[SourceVersionDate "2022.10.05"]
[SourceQuality "1"]
[WhiteTeam "Osijek Ferit II"]
[BlackTeam "Donji Miholjac"]
[WhiteTeamCountry "CRO"]
[BlackTeamCountry "CRO"]

1. d4 g6 2. c4 Bg7 3. e4 d6 4. Nc3 Nd7 5. Nf3 e5 6. d5 Ne7 7. Bd3 Nc5 8. Bc2 Bg4 9. b4 Nd7 10. h3 Bxf3 11. Qxf3 0-0 12. g4 h6 13. h4 a5 14. bxa5 Rxa5 15. Bd2 Ra3 16. Qg2 Qa8 17. h5 g5 18. Qh2 f6 19. 0-0 Rc8 20. Rab1 Nc5 21. Bb3 Nxb3 22. Rxb3 Rxb3 23. axb3 Qa7 24. Qg3 c6 25. Qd3 Rd8 26. Kg2 Qa3 27. Na4 c5 28. Qc3 Qb4 29. Qb2 1-0

[Event "Osijek Baranja CupT 13th"]
[Site "Valpovo"]
[Date "2020.02.21"]
[Round "1.3"]
[White "Martinovic, Josip"]
[Black "Borzan, Matej"]
[Result "0-1"]
[WhiteElo "1687"]
[BlackElo "1671"]
[PlyCount "64"]
[EventDate "2020.02.21"]
[EventType "team-swiss"]
[EventRounds "5"]
[EventCountry "CRO"]
[SourceTitle "EXT 2023"]
[Source "ChessBase"]
[SourceDate "2022.10.05"]
[SourceVersion "1"]
[SourceVersionDate "2022.10.05"]
[SourceQuality "1"]
[WhiteTeam "Valpovo HC"]
[BlackTeam "Osijek Ferit II"]
[WhiteTeamCountry "CRO"]
[BlackTeamCountry "CRO"]

1. d4 Nf6 2. c4 g6 3. Nc3 Bg7 4. e4 d6 5. Nf3 0-0 6. Bd3 Nbd7 7. Bd2 e5 8. d5 Nc5 9. Bc2 a5 10. 0-0 Bd7 11. a3 a4 12. b4 axb3 13. Bxb3 Nfxe4 14. Bc2 Nxd2 15. Nxd2 f5 16. Ra2 e4 17. Nb5 Be5 18. f4 Bg7 19. Nb3 Bxb5 20. cxb5 Na4 21. Nd4 Nc3 22. Ne6 Qe7 23. Qd2 Nxa2 24. Bb3 Nc3 25. Rc1 Bf6 26. a4 Nxa4 27. Rxc7 Qe8 28. Qb4 Nc5 29. Nxc5 dxc5 30. Qxc5 Ra1+ 31. Kf2 e3+ 32. Ke2 Rb1 0-1

[Event "CRO-ch U11"]
[Site "Trogir"]
[Date "2019.06.21"]
[Round "7"]
[White "Borzan, Matej"]
[Black "Babler, Jan"]
[Result "1/2-1/2"]
[WhiteElo "1667"]
[BlackElo "1593"]
[PlyCount "153"]
[EventDate "2019.06.17"]
[EventType "swiss"]
[EventRounds "9"]
[EventCountry "CRO"]
[SourceTitle "EXT 2020"]
[Source "ChessBase"]
[SourceDate "2019.10.17"]
[SourceVersion "1"]
[SourceVersionDate "2019.10.17"]
[SourceQuality "1"]

1. d4 Nf6 2. c4 g6 3. Nc3 Bg7 4. e4 d6 5. Bd3 0-0 6. Nf3 c6 7. 0-0 e5 8. d5 cxd5 9. cxd5 a5 10. h3 Na6 11. Be3 Nh5 12. a3 Bd7 13. Qd2 f5 14. Bg5 Qe8 15. Bh6 f4 16. Bxg7 Kxg7 17. Nh2 f3 18. Nxf3 Bxh3 19. Bb5 Qe7 20. Ng5 Bc8 21. Na4 Nf4 22. Nf3 Nh3+ 23. Kh1 Rxf3 24. Be2 Nxf2+ 25. Kg1 Nxe4 26. Qc2 Rxf1+ 27. Bxf1 Bf5 28. Nb6 Rf8 29. Rc1 Nec5 30. Qc3 Qg5 31. Nc4 Qf6 32. Nxa5 e4 33. Qd2 b6 34. b4 Nd3 35. Bxd3 Qd4+ 36. Kh1 Qxd3 37. Qb2+ Kg8 38. Nc6 Re8 39. Qf6 Qd2 40. Rf1 Qh6+ 41. Kg1 Qg7 42. Qxd6 Qd7 43. Qf6 Nc7 44. Nd4 Nxd5 45. Qg5 Qe7 46. Rxf5 Qxg5 47. Rxg5 Nc3 48. Kf1 e3 49. Ne2 Rf8+ 50. Ke1 Nb1 51. Re5 Nxa3 52. Rxe3 Nc2+ 53. Kd2 Nxe3 54. Kxe3 Ra8 55. Nf4 Re8+ 56. Kd4 g5 57. Nd5 Rd8 58. Kc4 b5+ 59. Kc5 Kf7 60. Nb6 Rd2 61. Kxb5 Rxg2 62. Kc5 Rb2 63. Nc4 Rb3 64. b5 g4 65. Ne5+ Ke6 66. Nxg4 h5 67. Nf2 h4 68. b6 h3 69. Nxh3 Rxh3 70. b7 Rb3 71. Kc6 Rc3+ 72. Kb6 Rb3+ 73. Kc7 Rc3+ 74. Kb6 Kd7 75. b8Q Rb3+ 76. Ka7 Rxb8 77. Kxb8 1/2-1/2

[Event "CRO-ch U11"]
[Site "Trogir"]
[Date "2019.06.20"]
[Round "6"]
[White "Borzan, Matej"]
[Black "Ivancevic, Filip"]
[Result "1-0"]
[WhiteElo "1667"]
[BlackElo "1498"]
[PlyCount "91"]
[EventDate "2019.06.17"]
[EventType "swiss"]
[EventRounds "9"]
[EventCountry "CRO"]
[SourceTitle "EXT 2020"]
[Source "ChessBase"]
[SourceDate "2019.10.17"]
[SourceVersion "1"]
[SourceVersionDate "2019.10.17"]
[SourceQuality "1"]

1. d4 d5 2. c4 e6 3. Nc3 a6 4. Nf3 dxc4 5. a4 Nc6 6. e4 Na5 7. Bd2 c5 8. d5 Nf6 9. Bg5 Be7 10. Bxf6 Bxf6 11. e5 Bg5 12. d6 Bh6 13. Be2 Qb6 14. Rb1 Bd7 15. 0-0 0-0 16. Qc2 f6 17. Rfd1 Be8 18. Ne4 Qb3 19. Qxb3 Nxb3 20. Bxc4 Bxa4 21. Bxe6+ Kh8 22. Rd3 Na5 23. Nxc5 Bc2 24. Rbd1 Bxd1 25. Rxd1 Bf4 26. exf6 gxf6 27. g3 Be5 28. Nxe5 fxe5 29. d7 b6 30. Bd5 bxc5 31. Bxa8 Rd8 32. Bf3 Nc4 33. b3 Nb6 34. Bg4 Kg7 35. Rd3 Nxd7 36. Rxd7+ Rxd7 37. Bxd7 a5 38. Bb5 Kf6 39. Kf1 e4 40. Ke2 Ke5 41. Ke3 Kd5 42. Bc4+ Ke5 43. Bg8 h6 44. Bc4 h5 45. h4 Kf5 46. Bd5 1-0

[Event "CRO-ch U11"]
[Site "Trogir"]
[Date "2019.06.18"]
[Round "3"]
[White "Borzan, Matej"]
[Black "Frouth, Vibor"]
[Result "1-0"]
[WhiteElo "1667"]
[BlackElo "1365"]
[PlyCount "93"]
[EventDate "2019.06.17"]
[EventType "swiss"]
[EventRounds "9"]
[EventCountry "CRO"]
[SourceTitle "EXT 2020"]
[Source "ChessBase"]
[SourceDate "2019.10.17"]
[SourceVersion "1"]
[SourceVersionDate "2019.10.17"]
[SourceQuality "1"]

1. d4 Nf6 2. Nf3 d6 3. c4 g6 4. Nc3 Bg7 5. e4 0-0 6. Be2 e5 7. d5 Nbd7 8. Be3 b6 9. b4 Qe7 10. 0-0 Ng4 11. Bg5 Ngf6 12. Qd2 Bb7 13. Rfd1 a6 14. h3 Rfe8 15. Nh2 h5 16. Bd3 Qf8 17. Bc2 Kh7 18. Ba4 Red8 19. Rf1 Bh6 20. Nf3 a5 21. a3 Ba6 22. Bc6 Bxc4 23. Rfe1 Rab8 24. b5 Nc5 25. Qc2 Bb3 26. Qb1 Bxg5 27. Nxg5+ Kg8 28. a4 Bc4 29. Re3 Qh6 30. Nf3 g5 31. Nd2 Bd3 32. Rxd3 Nxd3 33. Qxd3 g4 34. h4 Nd7 35. Bxd7 Rxd7 36. Nf1 Qf6 37. g3 Kf8 38. Ne3 Qf3 39. Qd2 f6 40. Nf5 Rh7 41. Re1 Qxf5 42. exf5 Ke7 43. Ne4 Rhh8 44. Rc1 Rb7 45. Rc6 Rf8 46. Qc1 Kd7 47. Qh6 1-0

[Event "CRO-ch U11"]
[Site "Trogir"]
[Date "2019.06.17"]
[Round "1"]
[White "Borzan, Matej"]
[Black "Delibasic, Dominik"]
[Result "1-0"]
[WhiteElo "1667"]
[BlackElo "1741"]
[PlyCount "45"]
[EventDate "2019.06.17"]
[EventType "swiss"]
[EventRounds "9"]
[EventCountry "CRO"]
[SourceTitle "EXT 2020"]
[Source "ChessBase"]
[SourceDate "2019.10.17"]
[SourceVersion "1"]
[SourceVersionDate "2019.10.17"]
[SourceQuality "1"]

1. d4 Nf6 2. c4 g6 3. Nc3 Bg7 4. Bf4 d6 5. e4 0-0 6. Nf3 Nbd7 7. Be2 Re8 8. 0-0 e5 9. dxe5 dxe5 10. Nxe5 Nxe5 11. Qxd8 Rxd8 12. Bxe5 Re8 13. f4 Nd7 14. Bxg7 Kxg7 15. Bf3 Nc5 16. Rad1 Be6 17. b3 Rad8 18. Nb5 Rxd1 19. Rxd1 Na6 20. e5 c6 21. Nd6 Re7 22. g4 Nb4 23. f5 1-0

[Event "Osijek op 12th"]
[Site "Osijek"]
[Date "2019.02.24"]
[Round "7.16"]
[White "Borzan, Matej"]
[Black "Horvat, Damjan"]
[Result "0-1"]
[WhiteElo "1494"]
[BlackElo "2049"]
[PlyCount "98"]
[EventDate "2019.02.21"]
[EventType "swiss"]
[EventRounds "7"]
[EventCountry "CRO"]
[SourceTitle "EXT 2023"]
[Source "ChessBase"]
[SourceDate "2022.10.05"]
[SourceVersion "1"]
[SourceVersionDate "2022.10.05"]
[SourceQuality "1"]

1. d4 Nf6 2. c4 c5 3. d5 b5 4. cxb5 a6 5. Nc3 axb5 6. Nxb5 Ba6 7. Nc3 g6 8. e4 Bxf1 9. Kxf1 d6 10. Nge2 Bg7 11. Qc2 0-0 12. Be3 Nbd7 13. g3 Qb6 14. a4 Qb4 15. Rb1 Ne5 16. b3 Nf3 17. Qd3 Ng4 18. Bf4 Nd4 19. Nxd4 Bxd4 20. Nb5 Nxf2 21. Qe2 Nxh1 22. Bd2 Qxb5 23. axb5 Ra2 24. Kg2 Nf2 25. Re1 Ng4 26. Qxg4 Rxd2+ 27. Kh3 Rb2 28. Qf3 f6 29. Qd3 Ra8 30. b6 Raa2 31. Rh1 Ra3 32. Rb1 c4 33. Qxd4 Rxb1 34. Qxc4 Raxb3 35. Qc8+ Kf7 36. Qe6+ Kf8 37. Qc8+ Kf7 38. Qh8 g5 39. Qc8 Rxb6 40. Qe6+ Kf8 41. Qc8+ Kg7 42. Qe6 Rb7 43. Kg4 Rc7 44. h4 gxh4 45. Kxh4 Rh1+ 46. Kg4 Kf8 47. Kf3 Rh2 48. g4 Rc3+ 49. Kf4 Rf2# 0-1

[Event "Osijek op 12th"]
[Site "Osijek"]
[Date "2019.02.22"]
[Round "3.29"]
[White "Borzan, Matej"]
[Black "Cvijanovic, Srecko"]
[Result "0-1"]
[WhiteElo "1494"]
[BlackElo "1835"]
[PlyCount "54"]
[EventDate "2019.02.21"]
[EventType "swiss"]
[EventRounds "7"]
[EventCountry "CRO"]
[SourceTitle "EXT 2023"]
[Source "ChessBase"]
[SourceDate "2022.10.05"]
[SourceVersion "1"]
[SourceVersionDate "2022.10.05"]
[SourceQuality "1"]

1. d4 e6 2. e4 d5 3. exd5 exd5 4. c4 Nf6 5. Nc3 Be7 6. Nf3 0-0 7. Be2 dxc4 8. Bxc4 Bg4 9. Be3 Nbd7 10. 0-0 Nb6 11. Be2 c6 12. h3 Bf5 13. Bd3 Qc8 14. Re1 Bd6 15. Bxf5 Qxf5 16. Nh4 Qd7 17. Qf3 Rfe8 18. Nf5 Bf8 19. Bg5 Re6 20. Re3 Nfd5 21. Nxd5 Nxd5 22. Re2 Rxe2 23. Qg4 Qe6 24. h4 g6 25. Nh6+ Bxh6 26. Qxe6 Rxe6 27. Bxh6 Re2 0-1

[Event "Osijek op 12th"]
[Site "Osijek"]
[Date "2019.02.21"]
[Round "1.30"]
[White "Borzan, Matej"]
[Black "Fures, Ivica"]
[Result "1-0"]
[WhiteElo "1494"]
[BlackElo "1871"]
[PlyCount "117"]
[EventDate "2019.02.21"]
[EventType "swiss"]
[EventRounds "7"]
[EventCountry "CRO"]
[SourceTitle "EXT 2023"]
[Source "ChessBase"]
[SourceDate "2022.10.05"]
[SourceVersion "1"]
[SourceVersionDate "2022.10.05"]
[SourceQuality "1"]

1. d4 f5 2. c4 e6 3. Nc3 Nf6 4. Nf3 Be7 5. Bf4 0-0 6. e3 d6 7. Be2 a6 8. 0-0 Kh8 9. h3 Re8 10. Qb3 Rf8 11. Rac1 Ng8 12. Na4 b6 13. Rfd1 Nd7 14. c5 b5 15. Nc3 Ndf6 16. Ng5 d5 17. Qa3 Ne4 18. Ngxe4 fxe4 19. Nxb5 Rxf4 20. exf4 Bd7 21. Nc3 Nh6 22. Qa5 Nf5 23. Na4 e3 24. Bg4 exf2+ 25. Kxf2 Bh4+ 26. Kg1 Ne3 27. Rd3 Nc4 28. Qc3 Bxa4 29. b3 Bc6 30. bxc4 dxc4 31. Re3 Qd5 32. Bf3 Qd7 33. Bxc6 Qxc6 34. Qxc4 Qd5 35. Rxe6 Qh5 36. Rxa6 Rd8 37. Re6 Bf6 38. Re4 Qf5 39. Rce1 h6 40. g4 Qd7 41. Qd3 Kg8 42. Qc4+ Kf8 43. Rd1 Qc6 44. d5 Qb7 45. c6 Qb6+ 46. Kg2 Qb2+ 47. Re2 Qa3 48. Rde1 Bh4 49. Re3 Qd6 50. Rd1 Rb8 51. Qc2 Bf6 52. Qe4 Qc5 53. Rb3 Ra8 54. Rd2 Qc1 55. Re2 Qa1 56. d6 Bd4 57. Rb1 Qc3 58. d7 Bf6 59. Qe8+ 1-0

[Event "SSOBZ Cup Team 12th"]
[Site "Valpovo"]
[Date "2019.02.17"]
[Round "4.3"]
[White "Borzan, Matej"]
[Black "Perci, Franjo"]
[Result "1-0"]
[WhiteElo "1501"]
[BlackElo "1663"]
[PlyCount "92"]
[EventDate "2019.02.15"]
[EventType "team-swiss"]
[EventRounds "5"]
[EventCountry "CRO"]
[SourceTitle "CBM 189 Extra"]
[Source "ChessBase"]
[SourceDate "2019.06.03"]
[SourceVersion "1"]
[SourceVersionDate "2019.06.03"]
[SourceQuality "1"]
[WhiteTeam "Osijek Ferit II"]
[BlackTeam "Djakovo Limmont II"]
[WhiteTeamCountry "CRO"]
[BlackTeamCountry "CRO"]

1. d4 d5 2. c4 Nf6 3. Nc3 e6 4. Bg5 c6 5. Nf3 Be7 6. e3 h6 7. Bf4 Nbd7 8. h3 dxc4 9. Bxc4 Nd5 10. Bh2 N7f6 11. Qc2 Bd6 12. Bxd6 Qxd6 13. e4 Nb4 14. Qb3 Qe7 15. a3 Nbd5 16. exd5 exd5+ 17. Be2 0-0 18. 0-0 g5 19. Nh2 Be6 20. Qc2 Qd7 21. Qd3 Rae8 22. Rae1 Bf5 23. Qg3 Ne4 24. Nxe4 Rxe4 25. Bg4 Bxg4 26. Nxg4 Qe6 27. Rxe4 dxe4 28. Re1 f5 29. Qe5 Qg6 30. Nh2 Qf6 31. Qxf6 Rxf6 32. f3 exf3 33. Nxf3 Kf8 34. Kf2 Rd6 35. Re5 f4 36. Ke2 Kf7 37. Kd3 Kf6 38. Ke4 b6 39. b4 Rd7 40. Rf5+ Ke6 41. h4 g4 42. Re5+ Kf6 43. Nh2 g3 44. Nf3 c5 45. bxc5 bxc5 46. Rxc5 Rb7 1-0

[Event "Valpovo op U20 13th rap"]
[Site "Valpovo"]
[Date "2016.12.11"]
[Round "7"]
[White "Borzan, Matej"]
[Black "Kakuk, Tibor"]
[Result "0-1"]
[WhiteElo "1512"]
[BlackElo "1620"]
[PlyCount "58"]
[EventDate "2016.12.09"]
[EventType "swiss (rapid)"]
[EventRounds "7"]
[EventCountry "CRO"]
[SourceTitle "EXT 2019"]
[Source "ChessBase"]
[SourceDate "2018.10.10"]
[SourceVersion "1"]
[SourceVersionDate "2018.10.10"]
[SourceQuality "1"]

1. e4 e5 2. Nf3 Nc6 3. d4 exd4 4. Nxd4 Nf6 5. Nc3 Bb4 6. Bd3 Nxd4 7. e5 Nd5 8. Bd2 Bxc3 9. bxc3 Nc6 10. Bc4 Nb6 11. Bb3 Na5 12. Qg4 Nxb3 13. cxb3 Qe7 14. Qxg7 Rf8 15. Bg5 f6 16. Qxe7+ Kxe7 17. Bxf6+ Kf7 18. f4 Nd5 19. Kd2 Nxf6 20. exf6 Kxf6 21. Rae1 d6 22. h3 Bd7 23. g4 h6 24. f5 Rae8 25. Ref1 Re4 26. Kd3 Rfe8 27. Rhg1 Re3+ 28. Kd4 R8e4+ 29. Kd5 Bc6# 0-1

[Event "Valpovo op U20 13th rap"]
[Site "Valpovo"]
[Date "2016.12.10"]
[Round "3"]
[White "Borzan, Matej"]
[Black "Colev, Ivor"]
[Result "1/2-1/2"]
[WhiteElo "1512"]
[BlackElo "1426"]
[PlyCount "62"]
[EventDate "2016.12.09"]
[EventType "swiss (rapid)"]
[EventRounds "7"]
[EventCountry "CRO"]
[SourceTitle "EXT 2019"]
[Source "ChessBase"]
[SourceDate "2018.10.10"]
[SourceVersion "1"]
[SourceVersionDate "2018.10.10"]
[SourceQuality "1"]

1. d4 f5 2. c4 Nf6 3. Nc3 c6 4. Bg5 g6 5. Nf3 Bg7 6. h3 0-0 7. Qb3 d6 8. e3 Qe8 9. Bd3 Kh8 10. 0-0 e5 11. Bc2 e4 12. Nd2 b6 13. f3 exf3 14. Nxf3 h6 15. Bf4 Qe7 16. Rfe1 Qf7 17. Bxd6 Rd8 18. Ne5 Qe8 19. Bc7 Rd7 20. Nxd7 Qxd7 21. Bxb8 Rxb8 22. Rad1 Bb7 23. e4 fxe4 24. Nxe4 Nh5 25. Rf1 Bxd4+ 26. Kh1 Qg7 27. Nd6 Be5 28. Nf7+ Kh7 29. Nxe5 Qxe5 30. Qd3 Ng3+ 31. Kg1 Ne2+ 1/2-1/2